Statistics for Rolling Stones' 500 Greatest Songs of all Time.

Click here to take the quiz!

General Stats

  • This quiz has been taken 3,721 times
    (3,707 since last reset)
  • The average score is 88 of 500

Answer Stats

HintAnswer% Correct
3. John LennonImagine
91%
9. NirvanaSmells Like Teen Spirit
84%
5. Aretha FranklinRespect
83%
2. The Rolling Stones(I Can't Get No) Satisfaction
80%
8. The BeatlesHey Jude
78%
1. Bob DylanLike a Rolling Stone
74%
144. PrincePurple Rain
70%
31. Led ZeppelinStairway To Heaven
70%
36. U2One
67%
6. Beach BoysGood Vibrations
64%
7. Chuck BerryJohnny B. Goode
63%
20. The BeatlesLet It Be
63%
17. The Jimi Hendrix ExperiencePurple Haze
63%
100. Gnarls Barkley | 85. Patsy ClineCrazy
61%
49. The EaglesHotel California
61%
166. QueenBohemian Rhapsody
60%
13. The BeatlesYesterday
60%
58. Michael JacksonBillie Jean
58%
19. Elvis PresleyHound Dog
58%
15. The ClashLondon Calling
58%
47. The Jimi Hendrix ExperienceAll Along The Watchtower
56%
280. Bruce SpringsteenBorn In The U.S.A.
56%
67. Elvis PresleyJailhouse Rock
56%
48. Simon and GarfunkelBridge Over Troubled Water
55%
27. Derek and the DominosLayla
55%
11. The WhoMy Generation
55%
4. Marvin GayeWhat's Going On
55%
21. Bruce SpringsteenBorn To Run
54%
73. Stevie WonderSuperstition
53%
29. The BeatlesHelp!
51%
26. Otis Redding(Sittin' On) The Dock Of The Bay
51%
296. EminemStan
49%
35. The DoorsLight My Fire
48%
87. Johnny CashRing Of Fire
48%
32. The Rolling StonesSympathy For The Devil
48%
14. Bob DylanBlowin' In The Wind
47%
89. The Mamas and the PapasCalifornia Dreamin'
46%
37. Bob MarleyNo Woman No Cry
46%
78. James BrownI Got You (I Feel Good)
45%
176. The Rolling StonesPaint It Black
44%
16. The BeatlesI Want To Hold Your Hand
43%
244. The Family StoneStand!
42%
52. PrinceWhen Doves Cry
42%
110. Van MorrisonBrown Eyed Girl
41%
84. The PoliceEvery Breath You Take
41%
38. The Rolling StonesGimme Shelter
41%
46. David BowieHeroes
41%
25. Beach BoysGod Only Knows
39%
122. Ben E. KingStand By Me
39%
56. The Sex PistolsAnarchy In The U.K.
38%
28. The BeatlesA Day In The Life
37%
430. Elvis Presley | 95. Carl PerkinsBlue Suede Shoes
37%
76. The BeatlesStrawberry Fields Forever
37%
344. Michael JacksonBeat It
36%
72. The Beach BoysCalifornia Girls
36%
205. The BeatlesCome Together
36%
99. Creedence Clearwater RevivalFortunate Son
36%
44. Ray CharlesGeorgia On My Mind
36%
96. Jerry Lee LewisGreat Balls Of Fire
36%
170. R.E.M.Losing My Religion
36%
88. The TemptationsMy Girl
36%
64. The BeatlesShe Loves You
36%
43. Little RichardTutti-Frutti
36%
190. AC/DCBack In Black
35%
259. BlondieHeart Of Glass
35%
168. Marvin GayeLet's Get It On
35%
156. Creedence Clearwater RevivalProud Mary
35%
75. Led ZeppelinWhole Lotta Love
35%
22. The RonettesBe My Baby
34%
138. The BeatlesEleanor Rigby
34%
45. Elvis PresleyHeartbreak Hotel
34%
30. Johnny CashI Walk The Line
34%
194. Amy WinehouseRehab
34%
245. Elton JohnRocket Man
34%
191. Bee GeesStayin' Alive
34%
407. Lynyrd SkynyrdSweet Home Alabama
34%
157. Simon and GarfunkelThe Sounds Of Silence
34%
132. U2With Or Without You
34%
174. AbbaDancing Queen
33%
92. RamonesBlitzkrieg Bop
32%
199. The ChantlesMaybe
32%
80. The KinksYou Really Got Me
32%
384. Pink FloydAnother Brick In The Wall
31%
495. The Rolling StonesBrown Sugar
31%
118. Beyonce feat. Jay-ZCrazy In Love
31%
182. OutkastHey Ya!
31%
203. BeckLoser
31%
107.Bob Dylan | 79. The ByrdsMr. Tambourine Man
31%
253. Black SabbathParanoid
31%
456. The BeatlesPenny Lane
31%
91. Elvis PresleySuspicious Minds
31%
293. Run D.M.C. | 346. AerosmithWalk This Way
31%
289. BlondieCall Me
30%
81. Marvin GayeI Heard It Through The Grapevine
30%
219. Dolly PartonJolene
30%
109. PrinceLittle Red Corvette
30%
65. CreamSunshine Of Your Love
30%
23.The BeatlesIn My Life
29%
141. Led ZeppelinKashmir
29%
278. The BeatlesSomething
29%
215. Prince1999
28%
12. Sam CookeA Change Is Gonna Come
28%
349. The WhoBaba O' Riley
28%
193. Lynyrd SkynyrdFree Bird
28%
120. Fleetwood MacGo Your Own Way
28%
258. AC/DCHighway To Hell
28%
60. Al GreenLet's Stay Together
28%
131. Rod StewartMaggie May
28%
473. Guns N' RosesWelcome To The Jungle
28%
137. Elton JohnYour Song
28%
130. SteppenwolfBorn To Be Wild
27%
356. Elton JohnCandle In The Wind
27%
387. Ray CharlesHit The Road Jack
27%
246. B-52'sLove Shack
27%
83. The BeatlesNorwegian Wood (This Bird Has Flown)
27%
165. Sinead O' ConnorNothing Compares 2 U
27%
228. ClashShould I Stay Or Should I Go?
27%
173. AerosmithDream On
26%
201. Jimi HendrixHey Joe
26%
272. U2Sunday Bloody Sunday
26%
41. The BandThe Weight
26%
374. The Righteous BrothersUnchained Melody
26%
53. Percy SledgeWhen A Man Loves A Woman
26%
101. The Rolling StonesYou Can't Always Get What You Want
26%
62. Bo DiddleyBo Diddley
25%
93. U2I Still Haven't Found What I'm Looking For
25%
197. Buddy HollyPeggy Sue
25%
97. Chuck BerryRoll Over Beethoven
25%
397. Elton JohnTiny Dancer
25%
82. Fats DominoBlueberry Hill
24%
167. Tracy ChapmanFast Car
24%
175. The Sex PistolsGod Save The Queen
24%
125. The Rolling StonesJumpin' Jack Flash
24%
429. Billy JoelPiano Man
24%
398. The PoliceRoxanne
24%
39. Buddy Holly and the CricketsThat'll Be The Day
24%
123. The AnimalsThe House Of The Rising Sun
24%
59. Bob DylanThe Times They Are A-Changin'
24%
338. QueenWe Will Rock You
24%
300. Led ZeppelinBlack Dog
23%
128. David BowieChanges
23%
40. Martha Reeves and the VandellasDancing In The Street
23%
303. Neil YoungHeart Of Gold
23%
104. Donna SummerHot Stuff
23%
121. The Jackson 5I Want You Back
23%
306. MadonnaLike A Prayer
23%
233. Marvin GayeSexual Healing
23%
42. The KinksWaterloo Sunset
23%
136. The BeatlesWhile My Guitar Gently Weeps
23%
343. The Rolling StonesWild Horses
23%
69. Roy OrbisonCrying
22%
54. The KingsmenLouie Louie
22%
294. Barret StrongMoney
22%
66. Bob Marley and the WailersRedemption Song
22%
68. Bob DylanTangled Up In Blue
22%
106. Simon and GarfunkelThe Boxer
22%
86. Bruce SpringsteenThunder Road
22%
57. Procol HarumWhiter Shade Of Pale
22%
324. Pink FloydWish You Were Here
22%
390. Elton JohnGoodbye Yellow Brick Road
21%
317. Black SabbathIron Man
21%
464. PrinceKiss
21%
224. OrbisonOh Pretty Woman
21%
71. James BrownPapa's Got A Brand New Bag
21%
459. Guns N RosesParadise City
21%
33. Ike and Tina TurnerRiver Deep - Mountain High
21%
286. The White StripesSeven Nation Army
21%
102. The Jimi Hendrix ExperienceVoodoo Child (Slight Return)
21%
311. The BeatlesWith A Little Help From My Friends
21%
34. The Righteous BrothersYou've Lost That Lovin' Feelin'
21%
370. The BeatlesAll You Need Is Love
20%
452. NirvanaCome As You Are
20%
63. Buffalo SpringfieldFor What It's Worth
20%
179. Tom PettyFree Fallin'
20%
94. Little RichardGood Golly, Miss Molly
20%
208. Bill WithersLean On Me
20%
159. Bill Haley and His CometsRock Around The Clock
20%
51. Grandmaster Flash and the Furious FiveThe Message
20%
282. David BowieZiggy Stardust
20%
154. The BeatlesA Hard Day's Night
19%
321. Pink FloydComfortably Numb
19%
238. Buddy HollyEveryday
19%
163. Johnny CashFolsom Prison Blues
19%
444. Elvis PresleyLove Me Tender
19%
236. M.I.A.Paper Planes
19%
326. Alice CooperSchool's Out
19%
365. EurythmicsSweet Dreams
19%
336. The DoorsThe End
19%
172. Jay-Z99 Problems
18%
264. Jeff BuckleyHallelujah
18%
186. The BeatlesPlease, Please Me
18%
147. The B-52'sRock Lobster
18%
434. Deep PurpleSmoke On The Water
18%
364. Creedence Clearwater RevivalBad Moon Rising
17%
345. U2Beautiful Day
17%
18. Chuck BerryMaybellene
17%
279. Jefferson AirplaneSomebody To Love
17%
394. The BeatlesTicket To Ride
17%
134. The WhoWon't Get Fooled Again
17%
432. Green DayAmerican Idiot
16%
392. The VerveBittersweet Symphony
16%
153. The Jimi Hendrix ExperienceFoxey Lady
16%
116. The Rolling StonesHonky Tonk Women
16%
492. Gloria GaynorI Will Survive
16%
55. Little RichardLong Tall Sally
16%
231. Van MorrisonMoondance
16%
242. Dusty SpringfieldSon Of A Preacher Man
16%
74. Eddie CochranSummertime Blues
16%
483. Jefferson AirplaneWhite Rabbit
16%
285. Bill WithersAin't No Sunshine
15%
295. The BeatlesCan't Buy Me Love
15%
408. MetallicaEnter Sandman
15%
192. Bob DylanKnockin' On Heaven's Door
15%
181. Joy DivisionLove Will Tear Us Apart
15%
148. Janis JoplinMe And Bobby McGee
15%
469. The BeatlesRain
15%
310. The Rolling StonesRuby Tuesday
15%
334. James BrownSex Machine
15%
327. Franz FerdinandTake Me Out
15%
316. Tina TurnerWhat's Love Got To Do With It
15%
376. CreamWhite Room
15%
211. ThemGloria
14%
140.The BeatlesI Saw Her Standing There
14%
354. Ritchie ValensLa Bamba
14%
498. The Rolling StonesMiss You
14%
257. RadioheadParanoid Android
14%
388. U2Pride
14%
362. Eric ClaptonTears In Heaven
14%
70. Dionne WarwickWalk On By
14%
61. Jerry Lee LewisWhole Lotta Shakin' Going On
14%
261. The TroggsWild Thing
14%
499. WeezerBuddy Holly
13%
330. Public EnemyFight The Power
13%
455. Velvet UndergroundHeroin
13%
491. Joan Jett and the BlackheartsI Love Rock N' Roll
13%
460. George HarrisonMy Sweet Lord
13%
24. The ImpressionsPeople Get Ready
13%
457. Chubby CheckerThe Twist
13%
10. Ray CharlesWhat I'd Say
13%
448. 50 CentIn Da Club
12%
149. Iggy PopLust For Life
12%
305. BlondieOne Way Or Another
12%
251. Sugarhill GangRappers Delight
12%
416. AerosmithSweet Emotion
12%
50. Smokey Robinson and the MiraclesThe Tracks Of My Tears
12%
412. RihannaUmbrella
12%
489. The DriftersUnder The Boardwalk
12%
332. The SupremesBaby Love
11%
355. 2PacCalifornia Love
11%
146. Sly and the Family StoneEveryday People
11%
183. Booker T. and the MG'sGreen Onions
11%
288. Joni MitchellHelp Me
11%
418. Donna SummerI Feel Love
11%
98. Al GreenLove And Happiness
11%
307. Daft PunkOne More Time
11%
353. Big Brother and the Holding CompanyPiece Of My Heart
11%
119. The Isley BrothersShout (Parts 1/2)
11%
318. Everly BrothersWake Up Little Susie
11%
223. ReedWalk On The Wild Side
11%
323. Elvis CostelloAlison
10%
443. The Rolling StonesBeast Of Burden
10%
490. ColdplayClocks
10%
308. Rod StewartDo Ya Think I'm Sexy
10%
227. James TaylorFire And Rain
10%
375. Bee GeesHow Deep Is Your Love
10%
451. Sonny & CherI Got You Babe
10%
347. Paul McCartneyMaybe I'm Amazed
10%
395. Crosby, Stills, Nash & YoungOhio
10%
377. Depeche ModePersonal Jesus
10%
446. Salt N PepaPush It
10%
440. Led ZeppelinRamble On
10%
276. Beach BoysSloop John B
10%
341. Norman GreenbaumSpirit In The Sky
10%
301. The Rolling StonesStreet Fighting Man
10%
115. Sam CookeYou Send Me
10%
425. NWAFuck The Police
9%
229. ChicGood Times
9%
328. Led ZeppelinHeartbreaker
9%
135.Wilson PickettIn The Midnight Hour
9%
90. The Five SatinsIn The Still Of The Night
9%
366. Jimi HendrixLittle Wing
9%
77. Elvis PresleyMystery Train
9%
169. The TemptationsPapa Was A Rollin' Stone
9%
472. Del ShannonRunaway
9%
342. Velvet UndergroundSweet Jane
9%
213. Question Mark & The Mysterians96 Tears
8%
256. Mott The HoopleAll The Young Dudes
8%
204. New OrderBizarre Love Triangle
8%
220. Hooker John LeeBoom Boom
8%
171. Joni MitchellBoth Sides Now
8%
403. Elvis PresleyCan't Help Falling In Love With You
8%
405. Blue Oyster CultDon't Fear The Reaper
8%
139. Sly and the Family StoneFamily Affair
8%
265. Stevie WonderHigher Ground
8%
177. The Bobby Fuller FourI Fought The Law
8%
415. NirvanaIn Bloom
8%
232. Bob DylanJust Like A Woman
8%
439. Gladys Knight and the PipsMidnight Train To Georgia
8%
129. Chuck BerryRock & Roll Music
8%
351. DionRunaround Sue
8%
297. The ZombiesShe's Not There
8%
207. Otis ReddingTry A Little Tenderness
8%
433. The Rolling StonesTumbling Dice
8%
361. Elvis PresleyAll Shook Up
7%
210. Everly BrothersBye Bye Love
7%
252. Aretha FranklinChain Of Fools
7%
187. Bob DylanDesolation Row
7%
200. Elvis PresleyDon't Be Cruel
7%
322. The AnimalsDon't Let Me Be Misunderstood
7%
178. Beach BoysDon't Worry Baby
7%
151. The ByrdsEight Miles High
7%
302. Bob MarleyGet Up, Stand Up
7%
239. Ray CharlesI Got A Woman
7%
378. Bo DiddleyI'm A Man
7%
320. Screamin' Jay HawkinsI Put A Spell On You
7%
369. Roberta FlackKilling Me Softly With His Song
7%
105. Stevie WonderLiving For The City
7%
255. Bobby DarinMack The Knife
7%
386. yeah yeah yeahsMaps
7%
435. U2New Year's Day
7%
234. OrbisonOnly The Lonely
7%
216. Neil YoungRockin' In The Free World
7%
304. PrinceSign O The Times
7%
117. Al GreenTake Me To The River
7%
359. Little EvaThe Locomtion
7%
185. B.B. KingThe Thrill Is Gone
7%
243. DionThe Wanderer
7%
379. Jimi HendrixThe Wind Cries Mary
7%
298. The ClashTrain In Vain
7%
188. Creedence Clearwater RevivalWho'll Stop The Rain
7%
382. Sam CookeWonderful World
7%
142. The Everly BrothersAll I Have To Do Is Dream
6%
103. Gene Vincent and his Blue CapsBe-Bop-A-Lula
6%
150. The Everly BrothersCathy's Clown
6%
484. Justin TimberlakeCry Me A River
6%
458. Sam CookeCupid
6%
218. Lovin SpoonfulDo You Believe In Magic
6%
373. Bob DylanHighway 61 Revisited
6%
262. The WhoI Can See For Miles
6%
494. R. KellyIgnition
6%
212. Beach BoysIn My Room
6%
145. RamonesI Want To Be Sedated
6%
424. Notorious B.I.G.Juicy
6%
209. Four TopsReach Out I'll Be There
6%
340. Bob DylanSubterranean Homesick Blues
6%
277. Chuck BerrySweet Little Sixteen
6%
372. The Box TopsThe Letter
6%
114. The DriftersUp On The Roof
6%
235. AnimalsWe Gotta Get Out Of This Place
6%
486. David BowieYoung Americans
6%
214. Beach BoysCaroline, No
5%
225. The Family StoneDance To The Music
5%
385. RadioheadFake Plastic Trees
5%
202. ParliamentFlash Light
5%
247. Spencer Davis GroupGimme Some Lovin'
5%
333. Young RascalsGood Lovin'
5%
422. Four TopsI Can't Help Myself
5%
112. Hank WilliamsI'm So Lonesome I Could Cry
5%
474. Van MorrisonInto The Mystic
5%
445. StoogesI Wanna Be Your Dog
5%
273. Kanye WestJesus Walks
5%
488. The CureJust Like Heaven
5%
478. StrokesLast Nite
5%
454. The Shangri-LasLeader Of The Pack
5%
441. Wilson PickettMustang Sally
5%
108. Buddy Holly and the CricketsNot Fade Away
5%
367. Martha and the VandellasNowhere To Run
5%
155. Buddy Holly and the CricketsRave On
5%
465. Muddy WatersRollin' Stone
5%
127. Big Joe TurnerShake, Rattle & Roll
5%
481. James RickSuper Freak
5%
410. Sly & the Family StoneThank You
5%
113. Elvis PresleyThat's All Right
5%
413. Bob DylanVisions Of Johanna
5%
314. Frankie Lymon and the TeenagersWhy Do Fools Fall In Love?
5%
195. Glen CampbellWichita Lineman
5%
438. Fats DominoAin't That A Shame
4%
462. NirvanaAll Apologies
4%
380. The WhoI Can't Explain
4%
164. Ray CharlesI Can't Stop Loving You
4%
241. Patsy ClineI Fall To Pieces
4%
161. The Velvet UndergroundI'm Waiting For The Man
4%
319. Roy OrbisonIn Dreams
4%
189. Aretha FranklinI Never Loved A Man
4%
124. James BrownIt's A Man's Man's Man's World
4%
399. TemptationsJust My Imagination
4%
485. LabelleLady Marmalade
4%
230. Muddy WatersMannish Boy
4%
260. Bob DylanMississippi
4%
283. The CurePictures Of You
4%
447. John MellencampPink Houses
4%
143.James BrownPlease, Please, Please
4%
482. Kelly ClarksonSince You Been Gone
4%
291. Howlin' WolfSmoke Stack Lightning
4%
463. Sam & DaveSoul Man
4%
221. Howlin' WolfSpoonful
4%
471. Cheap TrickSurrender
4%
249. BandThe Night They Drove Old Dixie Down
4%
497. Bruce SpringsteenThe Rising
4%
493. MGMTTime To Pretend
4%
222. Left BankeWalk Away Renee
4%
475. The SupremesWhere Did Our Love Go?
4%
126. The ShirellesWill You Love Me Tomorrow
4%
287. Stevie WonderYou Are The Sunshine Of My Life
4%
467. Jay-ZBig Pimpin'
3%
162. Public EnemyBring The Noise
3%
284. The Dixie CupsChapel Of Love
3%
329. Neil YoungCortez The Killer
3%
152. The PenguinsEarth Angel
3%
466. Missy ElliottGet Ur Freak On
3%
267. The CrystalsHe's A Rebel
3%
226. Muddy WatersHoochie Coochie Man
3%
111. Otis ReddingIv'e Been Loving You Too Long (To Stop Now)
3%
315. Jackie WilsonLonely Teardrops
3%
381. TelevisionMarquee Moon
3%
240. Afrika BambaataaPlanet Rock
3%
206. Bob DylanPositively 4th Street
3%
496. Jackson BrowneRunning On Empty
3%
184. The DriftersSave The Last Dance For Me
3%
461. The RamonesSheena Is A Punkrocker
3%
500. Smokey RobinsonShop Around
3%
358. Ben E. KingSpanish Harlem
3%
426. Crosby Stills NashSuite: Judy Blue Eyes
3%
292. PavementSummer Babe
3%
198. Guns 'N RosesSweet O' Child Of Mine
3%
360. The PlattersThe Great Pretender
3%
406. Big StarThirteen
3%
270. Archie Bell & The DrellsTighten Up
3%
363. Elvis CostelloWatching The Detectives
3%
133. Bo DiddleyWho Do You Love?
3%
217. Hank WilliamsYour Cheatin' Heart
3%
248. Jackie Wilson(Your Love Keeps Lifting Me) Higher And Higher
3%
400. Four TopsBaby I Need Your Loving
2%
411. Cochran EddieC'mon Everybody
2%
371. The ClashComplete Control
2%
331. Patti SmithDancing Barefoot
2%
477. The SmithsHow Soon Now?
2%
339. Bonnie RaittI Can't Make You Love Me
2%
281. The Staple SingersI'll Take You There
2%
487. Alice CooperI'm Eighteen
2%
158. The FlamingosI Only Have Eyes For You
2%
428. The Isley BrothersIt's Your Thing
2%
352. LaVern BakerJim Dandy
2%
325. Jimmy CliffMany Rivers To Cross
2%
160. U2Moment Of Surrender
2%
263. The DellsOh, What A Night
2%
271. New York DollsPersonality Crisis
2%
389. R.E.M.Radio Free Europe
2%
404. The Shangri-LasRemember
2%
274. The Modern LoversRoadrunner
2%
268. Randy NewmanSail Away
2%
312. James BrownSay It Loud - I'm Black And I'm Proud
2%
180. Big StarSeptember Gurls
2%
450. Bob MarleyShot The Sheriff
2%
357. The Isley BrothersThat Lady
2%
350. Jimmy CliffThe Harder They Come
2%
299. Al GreenTired Of Being Alone
2%
409. The ShirellesTonight's The Night
2%
393. Allman Brothers BandWhipping Post
2%
348. The SupremesYou Keep Me Hangin' On
2%
442. LoveAlone Again Or
1%
480. Beastie BoysBeastie Boys
1%
309. Willie NelsonBlue Eyes Crying The Rain
1%
423. Don HenleyBoys Of The Summer
1%
383. Chuck BerryBrown Eyed Handsome Man
1%
449. Soundtrack ArtistsCome Go With Me
1%
476. Aretha FranklinDo Right Woman-Do Right Man
1%
436. Solomon BurkeEverybody Needs Somebody To Love
1%
335. Jerry ButlerFor Your Precious Love
1%
368. Muddy WatersGot My Mojo Working
1%
275. George JonesHe Stopped Loving Her Today
1%
250. Sly & the Family StoneHot Fun In The Summertime
1%
396. Eric B. & RakimI Know You Got Soul
1%
237. The ByrdsI'll Feel A Whole Lot Better
1%
479. ForeignerI Want To Know What is Love
1%
254. The DriftersMoney Honey
1%
417. PixiesMonkey Gone To Heaven
1%
427. Dr. DreNothing But A G Thang
1%
419. Bobbie GentryOde To Billie Joe
1%
402. Five StairstepsOoh Child
1%
266. Smokey RobinsonOoo Baby Baby
1%
290. Elvis CostelloPeace, Love, & Understanding
1%
468. The Staple SingersRespect Yourself
1%
470. Four TopsStanding In The Shadows Of Love
1%
401. Lovin SpoonfulSummertime In The City
1%
337. Earth Wind & FireThat's The Way Of The World
1%
196. The DriftersThere Goes My Baby
1%
414. The CarpentersWe've Only Just Begun
1%
437. The ClashWhite Man In Hammersmith Palais
1%
431. The SmithsWilliam, It Was Really Nothing
1%
421. The CoastersYoung Blood
1%
453. Toots and the MaytalsPressure Drop
0%
391. Aaron NevilleTell It Like It Is
0%
313. JamThats Entertaiment
0%
420. Little RichardThe Girl Can't Help It
0%
269. The RonettesWalking Away The Rain
0%

Score Distribution

Percentile by Number Answered

Percent of People with Each Score

Your Score History

You have not taken this quiz since the last reset